Labour force statistics 1980-2000

Saved in:
Bibliographic Details
Format: Book
Language:English
French
Published: Paris OECD 2001
Series:Statistics
Subjects:
Tags: Add Tag
No Tags, Be the first to tag this record!

MARC

LEADER 00000nam a2200000 4500
001 c129039
005 20240422122154.6
020 |a 92-64-08748-6 
041 0 |a eng 
041 0 |a fre 
044 |a FR 
245 1 0 |a Labour force statistics 1980-2000 
264 1 |a Paris  |b OECD  |c 2001 
300 |a 409 s. 
490 1 |a Statistics 
830 0 |a Statistics 
610 2 0 |a sily pracovné 
610 2 0 |a štatistika síl pracovných 
610 2 0 |a údaje štatistické medzinárodné 
610 2 0 |a porovnanie štatistické medzinárodné 
610 2 0 |a populácia 
610 2 0 |a obyvateľstvo 
610 2 0 |a zamestnanosť 
610 2 0 |a 1980-2000 
610 2 0 |a nezamestnanosť